| 000 | 00846cam a2200277 a 4500 | ||
|---|---|---|---|
| 001 | 4517883 | ||
| 003 | ARRUPE | ||
| 005 | 20131022173436.0 | ||
| 008 | 980512s1998 mnu b 001 0 eng | ||
| 010 | _a97027349 | ||
| 020 | _a081462457X (pbk.) | ||
| 035 | _a(OCoLC)37300682 | ||
| 035 | _a(OCoLC)ocm37300682 | ||
| 035 | _a(NNC)4517883 | ||
| 040 |
_aDLC _cDLC _dDLC |
||
| 090 |
_aBX2003 _b.B58 1998 |
||
| 100 | 1 |
_aBonneau, Normand, _d1948- _92686 |
|
| 245 | 1 | 4 |
_aThe Sunday lectionary : _britual word, Paschal shape / _cNormand Bonneau |
| 260 |
_aCollegeville, Minn. : _bLiturgical Press, _cc1998 |
||
| 300 |
_axiii, 175 p. ; _c23 cm |
||
| 504 | _aIncludes bibliographical references (p. 167-171) and indexes | ||
| 610 | 2 | 0 |
_aCatholic Church _xLiturgy. _92687 |
| 650 | 0 |
_aLectionaries. _92688 |
|
| 942 |
_2lcc _cMONOGRAPH |
||
| 999 |
_c118387 _d118387 |
||